Mitos y leyendas del mundo / (Registro nro. 3452)
[ vista simple ]
| 000 -LEADER | |
|---|---|
| fixed length control field | 00774nam a2200241Ia 4500 |
| 003 - CONTROL NUMBER IDENTIFIER | |
| control field | OSt |
| 005 - DATE AND TIME OF LATEST TRANSACTION | |
| control field | 20200907171844.0 |
| 008 - FIXED-LENGTH DATA ELEMENTS--GENERAL INFORMATION | |
| fixed length control field | 191128t2008 uy gr 000 m spa d |
| 020 ## - INTERNATIONAL STANDARD BOOK NUMBER | |
| International Standard Book Number | 9789974679092 |
| 040 04 - CATALOGING SOURCE | |
| Original cataloging agency | CO-JMCR |
| Transcribing agency | CO-JMCR |
| 041 ## - LANGUAGE CODE | |
| Language code of text/sound track or separate title | spa |
| 082 04 - DEWEY DECIMAL CLASSIFICATION NUMBER | |
| Classification number | LM / |
| Item number | ERBm |
| 100 1# - MAIN ENTRY--PERSONAL NAME | |
| Personal name | Erbiti, Alejandra, |
| Relator term | autora |
| 9 (RLIN) | 9910 |
| 245 10 - TITLE STATEMENT | |
| Title | Mitos y leyendas del mundo / |
| Statement of responsibility, etc. | Alejandra Erbiti, Ana Laura Saucedo |
| 250 ## - EDITION STATEMENT | |
| Edition statement | Primera edición |
| 260 ## - PUBLICATION, DISTRIBUTION, ETC. | |
| Place of publication, distribution, etc. | Uruguay : |
| Name of publisher, distributor, etc. | Latinbooks International, |
| Date of publication, distribution, etc. | ©2008 |
| 300 ## - PHYSICAL DESCRIPTION | |
| Extent | 62 páginas ; |
| Dimensions | 25 cm. |
| 500 ## - GENERAL NOTE | |
| General note | Incluye índice. |
| 505 ## - FORMATTED CONTENTS NOTE | |
| Formatted contents note | Primero dioses y luego humanos -- El secreto de los tiempo -- Antílope intrépido |
| 650 14 - SUBJECT ADDED ENTRY--TOPICAL TERM | |
| Topical term or geographic name entry element | Mitos y Leyendas |
| 9 (RLIN) | 6087 |
| 700 ## - ADDED ENTRY--PERSONAL NAME | |
| Personal name | Saucedo, Ana Laura, |
| Relator term | autora |
| 9 (RLIN) | 9911 |
| 942 ## - ADDED ENTRY ELEMENTS (KOHA) | |
| Source of classification or shelving scheme | Dewey Decimal Classification |
| Koha item type | Books |
| Withdrawn status | Lost status | Source of classification or shelving scheme | Damaged status | Not for loan | Collection code | Home library | Current library | Date acquired | Source of acquisition | Total Checkouts | Total Renewals | Full call number | Barcode | Date last seen | Date last checked out | Copy number | Koha item type |
|---|---|---|---|---|---|---|---|---|---|---|---|---|---|---|---|---|---|
| Dewey Decimal Classification | Fiction | Biblioteca Pública José María del Castillo y Rada | Biblioteca Pública José María del Castillo y Rada | 11/28/2019 | Donación | 23 | 4 | LM / ERBm | 201807304 | 02/27/2026 | 02/27/2026 | Ej.1 | Books |